ស្វែងយល់ពីជំងឺឆ្កែឆ្កួត / (Record no. 1915)
[ view plain ]
| 000 -LEADER | |
|---|---|
| fixed length control field | 01831nam a22002897a 4500 |
| 001 - CONTROL NUMBER | |
| control field | 1915 |
| 003 - CONTROL NUMBER IDENTIFIER | |
| control field | FISKH |
| 005 - DATE AND TIME OF LATEST TRANSACTION | |
| control field | 20231113142026.0 |
| 008 - FIXED-LENGTH DATA ELEMENTS--GENERAL INFORMATION | |
| fixed length control field | 231010b cb ||||| |||| 00| 0 khr d |
| 020 ## - INTERNATIONAL STANDARD BOOK NUMBER | |
| International Standard Book Number | 9789924340256 |
| 040 ## - CATALOGING SOURCE | |
| Original cataloging agency | FISKH |
| Language of cataloging | eng |
| Transcribing agency | FISKH |
| Modifying agency | FISKH |
| 082 ## - DEWEY DECIMAL CLASSIFICATION NUMBER | |
| Classification number | 636.08 |
| 100 ## - MAIN ENTRY--PERSONAL NAME | |
| Personal name | Sovath, Ly |
| 245 ## - TITLE STATEMENT | |
| Title | ស្វែងយល់ពីជំងឺឆ្កែឆ្កួត / |
| Statement of responsibility, etc. | និពន្ធដោយ លី សុវត្ថិ ឌីឌីយេ ហ្វុងតឺនិយ (Didier FONTENILLE) |
| 260 ## - PUBLICATION, DISTRIBUTION, ETC. | |
| Place of publication, distribution, etc. | Phnom Penh : |
| Name of publisher, distributor, etc. | Sipar, |
| Date of publication, distribution, etc. | 2017. |
| 300 ## - PHYSICAL DESCRIPTION | |
| Extent | 44 pages : |
| Other physical details | map ; color illustrations ; |
| Dimensions | 20 cm |
| 490 ## - SERIES STATEMENT | |
| Series statement | ខ្ញុំចង់ដឹង |
| 505 ## - FORMATTED CONTENTS NOTE | |
| Formatted contents note | Z'<br/> |
| 520 ## - SUMMARY, ETC. | |
| Summary, etc. | ស្វែងយល់អំពីជំងឺឆ្កែឆ្កួត ពន្យល់ជាទូទៅអំពីជំងឺឆ្កែឆ្កួត ដែលមាននៅក្នុងប្រទេសកម្ពុជាតាំងពីយូរយារណាស់មកហើយ។ សៀវភៅនេះបង្ហាញពីទិដ្ឋភាពទូទៅនៃជំងឺឆ្កែឆ្កួត ជំងឺឆ្កែឆ្កួតនៅកម្ពុជា ហានិភ័យ និងដំណោះស្រាយ។ |
| 520 ## - SUMMARY, ETC. | |
| Summary, etc. | Getting to know about Rabies explains generally about Rabies which has existed in Cambodia for long time. This book demonstrates the overview of Rabies, Rabies existence in Cambodia, risk and solution. |
| 521 8# - TARGET AUDIENCE NOTE | |
| Target audience note | 1060<br/> |
| Source | Lexile estimate<br/> |
| 521 8# - TARGET AUDIENCE NOTE | |
| Target audience note | Z'<br/> |
| Source | Raz-Plus<br/> |
| 650 ## - SUBJECT ADDED ENTRY--TOPICAL TERM | |
| Topical term or geographic name entry element | ជំងឺឆ្កែឆ្កួត |
| Form subdivision | ឆ្កែ |
| General subdivision | ការការពារ |
| 650 ## - SUBJECT ADDED ENTRY--TOPICAL TERM | |
| Topical term or geographic name entry element | Rabies |
| Form subdivision | Dog |
| General subdivision | Protection |
| 650 ## - SUBJECT ADDED ENTRY--TOPICAL TERM | |
| Topical term or geographic name entry element | ស្វែងយល់ជំងឺឆ្កែឆ្កួត |
| 942 ## - ADDED ENTRY ELEMENTS (KOHA) | |
| Source of classification or shelving scheme | Dewey Decimal Classification |
| Koha item type | Khmer Books |
| Suppress in OPAC | No |
| Withdrawn status | Lost status | Source of classification or shelving scheme | Damaged status | Not for loan | Collection | Home library | Current library | Shelving location | Date acquired | Total Checkouts | Full call number | Barcode | Date last seen | Date last checked out | Copy number | Price effective from | Koha item type |
|---|---|---|---|---|---|---|---|---|---|---|---|---|---|---|---|---|---|
| Dewey Decimal Classification | Khmer Non-Fiction / សៀវភៅខ្មែរ រឿងពិត | Footprints International School Library Network Toul Kork Campus | Footprints International School Library Network Toul Kork Campus | 10/10/2023 | 1 | SOV 636.08 | FISTK05684 | 06/19/2025 | 05/21/2025 | 1 | 10/10/2023 | Khmer Books | |||||
| Dewey Decimal Classification | Khmer Non-Fiction / សៀវភៅខ្មែរ រឿងពិត | Footprints International School Library Network Toul Kork Campus | Footprints International School Library Network Toul Kork Campus | TK Old Khmer Books (Rear Hallway Shelf 3) | 10/10/2023 | 3 | SOV 636.08 | FISTK05685 | 01/05/2026 | 11/10/2025 | 2 | 10/10/2023 | Khmer Books | ||||
| Dewey Decimal Classification | Khmer Non-Fiction / សៀវភៅខ្មែរ រឿងពិត | Footprints International School Library Network Toul Kork Campus | Footprints International School Library Network Toul Kork Campus | TK Old Khmer Books (Rear Hallway Shelf 3) | 10/10/2023 | SOV 636.08 | FISTK05651 | 03/07/2024 | 3 | 10/10/2023 | Khmer Books |
